00728nam a22002297a 45000010005000000030006000050050017000110080041000280200015000690400029000840500008001131000020001212450115001412600050002563000048003064900032003545050008003865200022003945210029004165210020004457000033004659481FISKH20260114095831.0260114b cb ||||| |||| 00| 0 eng d a1880892588 aFISKHbengcFISKHdFISKH aPZ7 aNichol , Yuriko aNeal's feet : bSuccessful reading for beginners / cWritten by Yuriko Nichols : Illustrations by Ron Wheeler  aMelrose , FL :bCommon Sense Press , c1998 . a10 pages : billustrations ;c14 X 21 cm .  aLong Vowel Reader vBook 3  aE  a1st Level Reader 8 a200 bLexile estimate 8 aE bRaz-Plus  aWheeler , Ron eIllustrator